| LEADER | 01361nam a2200205 4500 | ||
|---|---|---|---|
| 082 | |a 551.4801 |b NG527V | ||
| 100 | |a Nguyễn Văn Tuần | ||
| 245 | |a Dự báo thủy văn |c Nguyễn Văn Tuần, Đoàn Quyết Trung, Bùi Văn Đức | ||
| 260 | |a H. |b Đại học Quốc gia |c 2001 | ||
| 300 | |a 210tr. |c 27cm | ||
| 520 | |a vv | ||
| 653 | |a Thủy văn | ||
| 653 | |a Dự báo | ||
| 942 | |2 ddc |c STK0 | ||
| 999 | |c 1404 |d 1404 | ||
| 952 | |0 0 |1 0 |2 ddc |4 0 |6 551_480100000000000_NG527V |7 1 |8 500 |9 25479 |a qbu |b qbu |c D3 |d 2014-12-08 |g 25500 |o 551.4801 NG527V |p 4502.C1 |r 0000-00-00 |w 2014-12-08 |y STK0 |0 0 |6 551_480100000000000_NG527V | ||
| 952 | |0 0 |1 0 |2 ddc |4 0 |6 551_480100000000000_NG527V |7 0 |8 500 |9 25480 |a qbu |b qbu |c D3 |d 2014-12-08 |g 25500 |o 551.4801 NG527V |p 4502.C2 |r 0000-00-00 |w 2014-12-08 |y STK0 |0 0 |6 551_480100000000000_NG527V | ||
| 952 | |0 0 |1 0 |2 ddc |4 0 |6 551_480100000000000_NG527V |7 0 |8 500 |9 25481 |a qbu |b qbu |c D3 |d 2014-12-08 |g 25500 |o 551.4801 NG527V |p 4502.C3 |r 0000-00-00 |w 2014-12-08 |y STK0 |0 0 |6 551_480100000000000_NG527V | ||
| 952 | |0 0 |1 0 |2 ddc |4 0 |6 551_480100000000000_NG527V |7 0 |8 500 |9 25482 |a qbu |b qbu |c D3 |d 2014-12-08 |g 25500 |o 551.4801 NG527V |p 4502.C4 |r 0000-00-00 |w 2014-12-08 |y STK0 |0 0 |6 551_480100000000000_NG527V | ||
| 952 | |0 0 |1 0 |2 ddc |4 0 |6 551_480100000000000_NG527V |7 0 |8 500 |9 25483 |a qbu |b qbu |c D3 |d 2014-12-08 |g 25500 |o 551.4801 NG527V |p 4502.C5 |r 0000-00-00 |w 2014-12-08 |y STK0 |0 0 |6 551_480100000000000_NG527V | ||